BGMEA University of Fashion and Technology
University Library

Adverting excellence / (Record no. 2515)

MARC details
000 -LEADER
fixed length control field 00657nam a22002177a 4500
001 - CONTROL NUMBER
control field 2515
003 - CONTROL NUMBER IDENTIFIER
control field BD-DhBUF
005 - DATE AND TIME OF LATEST TRANSACTION
control field 20250826102829.0
008 - FIXED-LENGTH DATA ELEMENTS--GENERAL INFORMATION
fixed length control field 250826b bg ||||| |||| 00| 0 ben d
020 ## - INTERNATIONAL STANDARD BOOK NUMBER
International Standard Book Number 007006847x
040 ## - CATALOGING SOURCE
Original cataloging agency BD-DhBUF
Transcribing agency BD-DhBUF
100 ## - MAIN ENTRY--PERSONAL NAME
Personal name Bovee, Courtland L.
9 (RLIN) 801
245 ## - TITLE STATEMENT
Title Adverting excellence /
Statement of responsibility, etc. Courtland L. Bovee, John V. Thill, George P. Dovel and Marian Burk Wood
260 ## - PUBLICATION, DISTRIBUTION, ETC.
Place of publication, distribution, etc. New York :
Name of publisher, distributor, etc. Mc Graw-Hill,
Date of publication, distribution, etc. C 1995.
300 ## - PHYSICAL DESCRIPTION
Extent xxxvi,647p. :
Dimensions 28cm. ;
650 ## - SUBJECT ADDED ENTRY--TOPICAL TERM
Topical term or geographic name entry element Advertising excellence
9 (RLIN) 800
700 ## - ADDED ENTRY--PERSONAL NAME
Personal name Thill, John v.
9 (RLIN) 1480
700 ## - ADDED ENTRY--PERSONAL NAME
Personal name Dovel, George P.
9 (RLIN) 3902
700 ## - ADDED ENTRY--PERSONAL NAME
Personal name Wood, Marian Burk
942 ## - ADDED ENTRY ELEMENTS (KOHA)
Source of classification or shelving scheme Dewey Decimal Classification
Koha item type Books
Holdings
Withdrawn status Lost status Source of classification or shelving scheme Damaged status Not for loan Home library Current library Date acquired Total Checkouts Full call number Barcode Date last seen Copy number Price effective from Koha item type
    Dewey Decimal Classification     BUFT Library BUFT Library 07/01/2001   659 B783a 1995 2001-0382 08/26/2025 C-1 08/26/2025 Books
Copyright © 2019-2023 | BUFT Library
BGMEA University of Fashion and Technology
Library Home | University Home
| Maintained by Library Team